Charlesworth and Percy on negligence (Record no. 105190)

MARC details
000 -LEADER
fixed length control field 00796cam a2200217 4500
001 - CONTROL NUMBER
control field ##L131802
008 - FIXED-LENGTH DATA ELEMENTS--GENERAL INFORMATION
fixed length control field 051209n2005 000 0 eng u
020 ## - INTERNATIONAL STANDARD BOOK NUMBER
International Standard Book Number 0421906308
035 ## - SYSTEM CONTROL NUMBER
System control number (Sirsi) u132574
041 0# - LANGUAGE CODE
Language code of text/sound track or separate title eng
050 04 - LIBRARY OF CONGRESS CALL NUMBER
Classification number 346.41032 $2 18
245 00 - TITLE STATEMENT
Title Charlesworth and Percy on negligence
Remainder of title fourth cumulative supplement to the tenth edition
260 ## - PUBLICATION, DISTRIBUTION, ETC.
Place of publication, distribution, etc. London
Name of publisher, distributor, etc. Sweet and Maxwell
Date of publication, distribution, etc. 2005
300 ## - PHYSICAL DESCRIPTION
Extent lv, 185p.
Dimensions 23cm.
490 ## - SERIES STATEMENT
Series statement Sweet and Maxwell Common Law Library
Volume/sequential designation 6
520 ## - SUMMARY, ETC.
Summary, etc. Ordered according to the structure of the main edition (J111542), this supplement brings the work up to date at 1 July 2005.
690 ## - LOCAL SUBJECT ADDED ENTRY--TOPICAL TERM (OCLC, RLIN)
Topical term or geographic name as entry element MANAGEMENT-BUSINESS MANAGEMENT-PROFESSIONAL PRACTICE-NEGLIGENCE
700 1# - ADDED ENTRY--PERSONAL NAME
Personal name Walton, Christopher Thomas
700 1# - ADDED ENTRY--PERSONAL NAME
Personal name Percy, Rodney
942 ## - ADDED ENTRY ELEMENTS (KOHA)
Suppress in OPAC 0

No items available.